<?xml version="1.0" encoding="UTF-8"?>
<record
    xmlns:xsi="http://www.w3.org/2001/XMLSchema-instance"
    xsi:schemaLocation="http://www.loc.gov/MARC21/slim http://www.loc.gov/standards/marcxml/schema/MARC21slim.xsd"
    xmlns="http://www.loc.gov/MARC21/slim">

  <leader>01804nam a2200361 u 4500</leader>
  <controlfield tag="001">961917</controlfield>
  <controlfield tag="005">20260506160102.0</controlfield>
  <controlfield tag="007">co|||||||</controlfield>
  <controlfield tag="008">060202s2005                        spa  </controlfield>
  <datafield tag="035" ind1=" " ind2=" ">
    <subfield code="a">961917</subfield>
  </datafield>
  <datafield tag="040" ind1=" " ind2=" ">
    <subfield code="c">comduadb</subfield>
  </datafield>
  <datafield tag="041" ind1=" " ind2=" ">
    <subfield code="a">spa</subfield>
  </datafield>
  <datafield tag="082" ind1=" " ind2="4">
    <subfield code="a">980</subfield>
  </datafield>
  <datafield tag="100" ind1="1" ind2="0">
    <subfield code="a">Espinoza Espinoza, Luisa Milena</subfield>
    <subfield code="4">aut</subfield>
    <subfield code="e">aut</subfield>
    <subfield code="9">547934</subfield>
  </datafield>
  <datafield tag="245" ind1="1" ind2="3">
    <subfield code="a">El territorio : origen del pensamiento jur&#xED;dico del pueblo guambiano</subfield>
  </datafield>
  <datafield tag="260" ind1=" " ind2=" ">
    <subfield code="a">Medell&#xED;n :</subfield>
    <subfield code="b">[sin publicador],</subfield>
    <subfield code="c">2005.</subfield>
  </datafield>
  <datafield tag="300" ind1=" " ind2=" ">
    <subfield code="a">1 CD-ROM</subfield>
  </datafield>
  <datafield tag="520" ind1="3" ind2=" ">
    <subfield code="a">RESUMEN: A partir del territorio, se presenta una introducci&#xF3;n al pensamiento jur&#xED;dico del pueblo guambiano; una aproximaci&#xF3;n al conocimiento tradicional, a trav&#xE9;s de los principios que ordenan la cotidianidad y la vida comunitaria. Para el pueblo guambiano, el territorio es uno de los componentes estrat&#xE9;gicos de la vida. El pensamiento jur&#xED;dico del pueblo guambiano se encuentra inmerso en el territorio antiguo.  Se habla del Gran Territorio de los guambianos, desde la historia contada por los Taitas y Mamas de la comunidad. Finalmente se hace referencia al concepto de territorio ind&#xED;gena en el Derecho Constitucional colombiano vigente.           </subfield>
  </datafield>
  <datafield tag="650" ind1=" " ind2="7">
    <subfield code="a">Territorios ind&#xED;genas</subfield>
    <subfield code="2">CO-BoBN</subfield>
    <subfield code="9">19812</subfield>
  </datafield>
  <datafield tag="650" ind1=" " ind2=" ">
    <subfield code="a">Guambianos (Ind&#xED;genas)</subfield>
    <subfield code="9">19560</subfield>
  </datafield>
  <datafield tag="650" ind1=" " ind2=" ">
    <subfield code="a">Cabildos ind&#xED;genas</subfield>
    <subfield code="9">126601</subfield>
  </datafield>
  <datafield tag="650" ind1=" " ind2=" ">
    <subfield code="a">Resguardos ind&#xED;genas</subfield>
    <subfield code="9">22640</subfield>
  </datafield>
  <datafield tag="650" ind1=" " ind2="7">
    <subfield code="a">Entidades territoriales</subfield>
    <subfield code="2">lemb</subfield>
    <subfield code="9">52404</subfield>
  </datafield>
  <datafield tag="650" ind1=" " ind2="7">
    <subfield code="a">Culturas ind&#xED;genas</subfield>
    <subfield code="2">lemb</subfield>
    <subfield code="9">3389</subfield>
  </datafield>
  <datafield tag="650" ind1=" " ind2=" ">
    <subfield code="a">Identidad y territorio</subfield>
    <subfield code="9">99863</subfield>
  </datafield>
  <datafield tag="650" ind1=" " ind2="7">
    <subfield code="a">Derecho natural</subfield>
    <subfield code="2">lemb</subfield>
    <subfield code="9">2301</subfield>
  </datafield>
  <datafield tag="650" ind1=" " ind2="7">
    <subfield code="a">Ind&#xED;genas de Colombia</subfield>
    <subfield code="x">Legislaci&#xF3;n</subfield>
    <subfield code="2">lemb</subfield>
    <subfield code="9">75857</subfield>
  </datafield>
  <datafield tag="650" ind1=" " ind2=" ">
    <subfield code="a">Derechos de los ind&#xED;genas</subfield>
    <subfield code="9">63771</subfield>
  </datafield>
  <datafield tag="700" ind1="1" ind2="0">
    <subfield code="a">Tombe Almendra, Lorenzo</subfield>
    <subfield code="4">aut</subfield>
    <subfield code="e">aut</subfield>
    <subfield code="9">412483</subfield>
  </datafield>
  <datafield tag="942" ind1=" " ind2=" ">
    <subfield code="c">TESIS</subfield>
  </datafield>
  <datafield tag="999" ind1=" " ind2=" ">
    <subfield code="c">378049</subfield>
    <subfield code="d">378049</subfield>
  </datafield>
  <datafield tag="502" ind1=" " ind2=" ">
    <subfield code="b">133</subfield>
    <subfield code="c">14</subfield>
  </datafield>
  <datafield tag="526" ind1=" " ind2=" ">
    <subfield code="a">135</subfield>
  </datafield>
  <datafield tag="952" ind1=" " ind2=" ">
    <subfield code="0">0</subfield>
    <subfield code="1">0</subfield>
    <subfield code="4">0</subfield>
    <subfield code="7">0</subfield>
    <subfield code="8">TESDIGBC</subfield>
    <subfield code="a">BC</subfield>
    <subfield code="b">BC</subfield>
    <subfield code="d">2006-02-02</subfield>
    <subfield code="e">Material adquirido por donaci&#xF3;n</subfield>
    <subfield code="i">C894141</subfield>
    <subfield code="l">0</subfield>
    <subfield code="o">980.461 E77 CD-ROM</subfield>
    <subfield code="p">0585868</subfield>
    <subfield code="r">2023-04-26 00:00:00</subfield>
    <subfield code="t">1</subfield>
    <subfield code="w">2023-04-26</subfield>
    <subfield code="y">DIGITAL</subfield>
  </datafield>
</record>
